Open Data Biblioteca Nacional de Portugal


República Portuguesa: Ministério da Cultura
Biblioteca Nacional de Portugal

Catálogo da BNP: acesso por Identificadores Unívocos
Registos Bibliográficos associados ao registo de autoridade

Etiqueta de registo: 00000nam 2200025 450
001 2281487
003 http://id.bnportugal.gov.pt/bib/catbnp/2281487
100 ## $a20260318d2025 k y0pory01030103ba
101 0# $aeng$dpor
102 ## $aPT
105 ## $aa m 000yy
106 ## $ar
200 1# $aHydrodynamic modelling of hybrid floating wind platforms$fThiago Saksanian Hallak$gorient. Carlos António Pancada Guedes Soares
210 #9 $aLisboa$c[s.n.],$d2025
215 ## $aXX, 229 p.$cil.$d30 cm
328 #1 $aTese dout. Naval Architecture and Ocean Engineering, Instituto Superior Técnico, Universidade de Lisboa, 2025
675 ## $a62-219.1(26.02)(043)$vBN$zpor$31992778
675 ## $a551.465(043)$vBN$zpor$31245686
700 #1 $aHallak,$bThiago Saksanian$31992257
702 #1 $aSoares,$bC. Guedes$4727$31030187
801 #0 $aPT$bBN$gRPC
966 ## $lBN$mFGMON$sS.A. 193374 V.$x1
971 ## $corlando$d20260318
973 ## $cmlsousa$d20260320

OpendataBNP@bnportugal.pt | Mais informação sobre acesso aos dados BNP